Stravinsky
Gardado en:
| Autor Principal: | |
|---|---|
| Formato: | Libro |
| Idioma: | inglés |
| Publicado: |
Londres
Oxford University
1960
|
| Subjects: | |
| Tags: |
Engadir etiqueta
Sen Etiquetas, Sexa o primeiro en etiquetar este rexistro!
|
MARC
| LEADER | 00000nam a2200000 a 4500 | ||
|---|---|---|---|
| 001 | UCN2241 | ||
| 003 | CL-VaPUC | ||
| 008 | 010511e19600000UK |||||||||||||||||eng|d | ||
| 082 | 0 | 4 | |a 780.92 |b VLA |2 21 |
| 100 | 0 | |a Vlad, Roman |e author |9 458016 | |
| 245 | 1 | 0 | |a Stravinsky |
| 300 | |a 232 p | ||
| 942 | |c BK | ||
| 945 | |d 20010511 00:00:00 |a crobeson | ||
| 260 | |a Londres |b Oxford University |c 1960 | ||
| 600 | 0 | |a Stravinsky, Igor Federovich |d 1882-1971 |9 306253 | |
| 650 | 0 | |a Compositores rusos |9 329355 | |
| 650 | 0 | |a Música, siglo 20 |9 324961 | |
| 583 | |a last modification |c 20010511 00:00:00 |k Rodrigo Vera | ||
| 999 | |c 295399 |d 295397 | ||
| 952 | |0 0 |1 0 |4 0 |6 780_920000000000000_VLA_1960 |7 0 |8 A |9 348402 |a BIBEDU |b BIBEDU |d 2019-11-20 |i 1182668 |o 780.92 VLA 1960 |p 1182668 |r 2023-01-12 |w 2019-11-20 |y BK |k MUS | ||
| 952 | |0 0 |1 0 |4 0 |6 780_920000000000000_VLA_1960 |7 0 |8 A |9 348403 |a BIBEDU |b BIBEDU |d 2019-11-20 |i 1182676 |o 780.92 VLA 1960 |p 1182676 |r 2022-01-17 |w 2019-11-20 |y BK |k MUS | ||